000 00881nas a2200289 4500
001 BR0205715
003 BR-BrBNA
005 20231205103413.0
007 ta
008 230509b bl.|||p| |||| 00| 00por d
040 _aBR-BrBNA
_bpor
_cBiblioteca Nacional de Agricultura
041 _a(Pt)
072 _aL70; L10
100 1 _aCamargo, L.S.A.
100 1 _aSá, W.F.
100 1 _aFerreira, A.M.
100 1 _aViana, J.H.M.
100 1 _aAraújo, M.C.C.
245 1 _aTaurina no desenvolvimento de embriões bovinos fecundados in vitro
650 _aBOVINO
650 _aCULTURA DE EMBRIÃO
650 _aTAXA DE CRESCIMENTO
650 _aMEDICAMENTO
773 0 _tArquivo Brasileiro de Medicina Veterinária e Zootecnia (Brazil)
_xISSN 0102-0935
_g(Aug 2002), v. 54(4) p. 396-404
_wBR0205715
909 _a202311
_bLúcia
_c55
_dLúcia Elande
942 _2AGRIS
_n0
_cANA
999 _c172673
_d172673